Siddhartha

Guardat en:
Dades bibliogràfiques
Autor principal: Hesse, Hermann
Format: Llibre
Idioma:Undetermined
Publicat: New York, Estados Unidos News Directions 1957
Matèries:
Etiquetes: Afegir etiqueta
Sense etiquetes, Sigues el primer a etiquetar aquest registre!

MARC

LEADER 00000nam a2200000Ia 4500
008 170316s9999 xx 000 0 und d
040 |a cru BVZT 
090 |a 830 H-8s 
100 |a Hesse, Hermann 
245 |a Siddhartha 
260 |a New York, Estados Unidos 
260 |b News Directions 
260 |c 1957 
300 |a 153 páginas 
650 |a LITERATURA ALEMANA 
999 |c 7365  |d 7365 
942 |c 15 D  |h 830 H-8s  |2 z